MARC-detaljer
| 000 -LEADER |
| fixed length control field |
04989cam a2201021 a 4500 |
| 001 - CONTROL NUMBER |
| control field |
15179562 |
| 003 - CONTROL NUMBER IDENTIFIER |
| control field |
LIBRIS |
| 005 - DATE AND TIME OF LATEST TRANSACTION |
| control field |
20210211121045.0 |
| 008 - FIXED-LENGTH DATA ELEMENTS--GENERAL INFORMATION |
| fixed length control field |
140206s2014 sw a||||||||||001 0|swe|c |
| 020 ## - INTERNATIONAL STANDARD BOOK NUMBER |
| International Standard Book Number |
9789153439950 |
| Qualifying information |
(inb.) |
| 035 ## - SYSTEM CONTROL NUMBER |
| System control number |
(BOKR)9789153439950 |
| 040 ## - CATALOGING SOURCE |
| Original cataloging agency |
BOKR |
| Modifying agency |
S |
| Description conventions |
a |
| 041 ## - LANGUAGE CODE |
| Language code of text/sound track or separate title |
swe |
| 082 04 - DEWEY DECIMAL CLASSIFICATION NUMBER |
| Classification number |
641.5638 |
| Edition number |
23/swe |
| 084 ## - OTHER CLASSIFICATION NUMBER |
| Classification number |
Qcae |
| Number source |
kssb/8 |
| 084 ## - OTHER CLASSIFICATION NUMBER |
| Classification number |
Qcabb |
| Number source |
kssb/8 |
| 084 ## - OTHER CLASSIFICATION NUMBER |
| Classification number |
Måltidsakademiens biblioteksstiftelse |
| 084 ## - OTHER CLASSIFICATION NUMBER |
| Classification number |
Måltidslitteratur 2014 |
| 084 ## - OTHER CLASSIFICATION NUMBER |
| Classification number |
Kategori: Hälsa |
| 100 1# - MAIN ENTRY--PERSONAL NAME |
| Personal name |
Frej, Jessica, |
| Dates associated with a name |
1989- |
| Authority record control number or standard number |
https://libris.kb.se/0xbfnnmj2h8ttsm#it |
| 245 10 - TITLE STATEMENT |
| Title |
Nytt fikabröd : |
| Remainder of title |
baka gott utan gluten / |
| Statement of responsibility, etc. |
Jessica Frej & Maria Blohm ; foto: Christina Sundien ; [redaktör: Marie-Anne Knutas]. |
| 264 #1 - PRODUCTION, PUBLICATION, DISTRIBUTION, MANUFACTURE, AND COPYRIGHT NOTICE |
| Place of production, publication, distribution, manufacture |
Västerås : |
| Name of producer, publisher, distributor, manufacturer |
Ica, |
| Date of production, publication, distribution, manufacture, or copyright notice |
2014 |
| 264 #3 - PRODUCTION, PUBLICATION, DISTRIBUTION, MANUFACTURE, AND COPYRIGHT NOTICE |
| Place of production, publication, distribution, manufacture |
Italien |
| 300 ## - PHYSICAL DESCRIPTION |
| Extent |
125 s. |
| Other physical details |
ill. |
| Dimensions |
26 cm |
| 541 ## - IMMEDIATE SOURCE OF ACQUISITION NOTE |
| Institution to which field applies |
Gma |
| 541 ## - IMMEDIATE SOURCE OF ACQUISITION NOTE |
| Institution to which field applies |
Og |
| 650 #7 - SUBJECT ADDED ENTRY--TOPICAL TERM |
| Topical term or geographic name entry element |
Småkakor |
| Authority record control number or standard number |
https://id.kb.se/term/sao/Sm%C3%A5kakor |
| Source of heading or term |
sao |
| 650 #7 - SUBJECT ADDED ENTRY--TOPICAL TERM |
| Topical term or geographic name entry element |
Mjuka kakor |
| Authority record control number or standard number |
https://id.kb.se/term/sao/Mjuka%20kakor |
| Source of heading or term |
sao |
| 650 #7 - SUBJECT ADDED ENTRY--TOPICAL TERM |
| Topical term or geographic name entry element |
Glutenfri mat |
| Authority record control number or standard number |
https://id.kb.se/term/sao/Glutenfri%20mat |
| Source of heading or term |
sao |
| 650 #0 - SUBJECT ADDED ENTRY--TOPICAL TERM |
| Topical term or geographic name entry element |
Cookies |
| 650 #0 - SUBJECT ADDED ENTRY--TOPICAL TERM |
| Topical term or geographic name entry element |
Cake |
| 650 #0 - SUBJECT ADDED ENTRY--TOPICAL TERM |
| Topical term or geographic name entry element |
Gluten-free diet |
| 655 #7 - INDEX TERM--GENRE/FORM |
| Genre/form data or focus term |
Kokböcker |
| Authority record control number or standard number |
https://id.kb.se/term/saogf/Kokb%C3%B6cker |
| Source of term |
saogf |
| 700 1# - ADDED ENTRY--PERSONAL NAME |
| Personal name |
Blohm, Maria, |
| Dates associated with a name |
1975- |
| Authority record control number or standard number |
https://libris.kb.se/gdsw444045w2qs0#it |
| 700 1# - ADDED ENTRY--PERSONAL NAME |
| Personal name |
Sundien, Christina, |
| Dates associated with a name |
1985- |
| Relationship |
pht |
| Authority record control number or standard number |
https://libris.kb.se/hftx40b10md1762#it |
| 887 ## - NON-MARC INFORMATION FIELD |
| Content of non-MARC field |
{"@id":"2ldkslkd2vmnksq","modified":"2016-04-04T14:00:56+02:00","checksum":"173751274717"} |
| Source of data |
librisxl |
| 887 ## - NON-MARC INFORMATION FIELD |
| Content of non-MARC field |
{"@id":"kpwlx97q0btxbdq","modified":"2014-08-21T08:05:01+02:00","checksum":"64524313323"} |
| Source of data |
librisxl |
| 887 ## - NON-MARC INFORMATION FIELD |
| Content of non-MARC field |
{"@id":"ns0p0qst3x9q0cq","modified":"2014-09-12T08:05:48+02:00","checksum":"72948738453"} |
| Source of data |
librisxl |
| 887 ## - NON-MARC INFORMATION FIELD |
| Content of non-MARC field |
{"@id":"fkrhxrkl0llqxjk","modified":"2014-11-07T12:08:02+01:00","checksum":"147440186049"} |
| Source of data |
librisxl |
| 887 ## - NON-MARC INFORMATION FIELD |
| Content of non-MARC field |
{"@id":"gs84d81nd85pqjh2","modified":"2020-07-07T15:41:59.362+02:00","checksum":"71164954620"} |
| Source of data |
librisxl |
| 887 ## - NON-MARC INFORMATION FIELD |
| Content of non-MARC field |
{"@id":"hmtjbnhn3nnvnww","modified":"2014-09-12T08:11:12+02:00","checksum":"73668010240"} |
| Source of data |
librisxl |
| 887 ## - NON-MARC INFORMATION FIELD |
| Content of non-MARC field |
{"@id":"qv2r4gsw2vw2d6j","modified":"2014-08-18T11:21:50+02:00","checksum":"96864729298"} |
| Source of data |
librisxl |
| 887 ## - NON-MARC INFORMATION FIELD |
| Content of non-MARC field |
{"@id":"fksl4h2l39g78k6","modified":"2015-06-22T11:04:56+02:00","checksum":"67002183040"} |
| Source of data |
librisxl |
| 887 ## - NON-MARC INFORMATION FIELD |
| Content of non-MARC field |
{"@id":"48g36fv957mr1dg","modified":"2014-12-22T15:16:36+01:00","checksum":"63769547380"} |
| Source of data |
librisxl |
| 887 ## - NON-MARC INFORMATION FIELD |
| Content of non-MARC field |
{"@id":"pt1q390v2vpc0pb","modified":"2014-08-18T18:08:43+02:00","checksum":"72777206773"} |
| Source of data |
librisxl |
| 887 ## - NON-MARC INFORMATION FIELD |
| Content of non-MARC field |
{"@id":"sx4tp2zz1npf86d","modified":"2014-09-17T13:16:08+02:00","checksum":"129781483466"} |
| Source of data |
librisxl |
| 887 ## - NON-MARC INFORMATION FIELD |
| Content of non-MARC field |
{"@id":"6bj7w3kc09hxjt9","modified":"2014-09-10T10:57:36+02:00","checksum":"141695736280"} |
| Source of data |
librisxl |
| 887 ## - NON-MARC INFORMATION FIELD |
| Content of non-MARC field |
{"@id":"fkrg2vfl3vpjfrz","modified":"2014-09-04T14:16:53+02:00","checksum":"75273746767"} |
| Source of data |
librisxl |
| 887 ## - NON-MARC INFORMATION FIELD |
| Content of non-MARC field |
{"@id":"jnvkxw5p0zsmkfb","modified":"2014-08-13T16:17:46+02:00","checksum":"101407279449"} |
| Source of data |
librisxl |
| 887 ## - NON-MARC INFORMATION FIELD |
| Content of non-MARC field |
{"@id":"qv2r5bmw4s816rc","modified":"2014-08-21T18:25:12+02:00","checksum":"97078126104"} |
| Source of data |
librisxl |
| 887 ## - NON-MARC INFORMATION FIELD |
| Content of non-MARC field |
{"@id":"sx4tcmhz5bxd4d6","modified":"2014-08-28T11:58:37+02:00","checksum":"130051826005"} |
| Source of data |
librisxl |
| 887 ## - NON-MARC INFORMATION FIELD |
| Content of non-MARC field |
{"@id":"w17xgh3209ms6w4","modified":"2014-08-27T09:54:20+02:00","checksum":"74433144733"} |
| Source of data |
librisxl |
| 942 ## - ADDED ENTRY ELEMENTS (KOHA) |
| Source of classification or shelving scheme |
Other/Generic Classification Scheme |
| Koha item type |
Bok |